[Event "1st Grand Europe Open"]
[Site "Golden Sands BUL"]
[Date "2012.06.09"]
[Round "6.79"]
[White "Golikov, Nikolai"]
[Black "Tscharotschkin, Michael"]
[Result "0-1"]
[WhiteElo "2042"]
[BlackElo "2192"]
[WhiteFideId "24101630"]
[BlackFideId "4619510"]
[EventDate "2012.06.04"]
[EventType "swiss"]

1. e4 c6 2. d4 d5 3. Nd2 dxe4 4. Nxe4 Bf5 5. Ng3 Bg6 6. h4 h6 7. Nf3 Nd7 8. h5
Bh7 9. Bd3 Bxd3 10. Qxd3 Ngf6 11. Bd2 e6 12. O-O-O Be7 13. Ne4 Nxe4 14. Qxe4 Nf6
15. Qe2 Qd5 16. c4 Qe4 17. Qxe4 Nxe4 18. Be3 O-O 19. Ne5 Rfd8 20. g4 Rac8 21. f3
Ng5 22. Kc2 a5 23. Rhf1 b5 24. c5 Bf6 25. f4 Ne4 26. Nf3 Rd5 27. Rde1 Be7 28.
Rg1 Nf6 29. Bd2 b4 30. f5 exf5 31. Rxe7 fxg4 32. Ne5 Rxd4 33. Nxf7 Nd5 34. Ra7
Rf8 35. Ne5 Rf2 36. Rd1 Ne3+ 37. Kc1 0-1

[Event "1st Grand Europe Open"]
[Site "Golden Sands BUL"]
[Date "2012.06.09"]
[Round "6.81"]
[White "Ilic, Slobodan S"]
[Black "Konijn, Rob"]
[Result "1-0"]
[WhiteElo "2160"]
[BlackElo "1949"]
[WhiteFideId "912883"]
[BlackFideId "1011278"]
[EventDate "2012.06.04"]
[EventType "swiss"]

1. c4 e6 2. Nc3 d5 3. cxd5 exd5 4. d4 Be7 5. Bf4 Nf6 6. e3 O-O 7. Bd3 c6 8. h3
Nbd7 9. Nge2 Re8 10. Qc2 Nf8 11. O-O Nh5 12. Bh2 g6 13. Rab1 a5 14. a3 Bf6 15.
Na4 Ne6 16. b4 axb4 17. axb4 Nhg7 18. b5 Qa5 19. bxc6 b5 20. Bxb5 Ba6 21. Nac3 1-0

[Event "1st Grand Europe Open"]
[Site "Golden Sands BUL"]
[Date "2012.06.09"]
[Round "6.82"]
[White "Solak, Rade"]
[Black "Zavialov, Volodymyr"]
[Result "0-1"]
[WhiteElo "2010"]
[BlackElo "2155"]
[WhiteFideId "923591"]
[BlackFideId "14137739"]
[EventDate "2012.06.04"]
[EventType "swiss"]

1. e4 c5 2. Nc3 e6 3. Nf3 d5 4. exd5 exd5 5. Bb5+ Nc6 6. Ne5 Ne7 7. O-O Be6 8.
f4 Qc7 9. d4 cxd4 10. Ne2 Nf5 11. Nxd4 Bc5 12. c3 O-O 13. Bxc6 bxc6 14. g4 Nxd4
15. cxd4 Bb6 16. Be3 f6 17. Nd3 Rae8 18. Bf2 Bc8 19. Rc1 Ba6 20. Re1 Rxe1+ 21.
Nxe1 Re8 22. Nd3 Bxd3 23. Qxd3 Qxf4 24. Rxc6 Qxg4+ 25. Kf1 h6 26. h3 Qd7 27. Rc3
Re4 28. Qg3 f5 29. Kg2 f4 30. Qg6 Re2 31. Rf3 Bxd4 32. Rxf4 Rxf2+ 33. Rxf2 Bxf2
34. Kxf2 Qxh3 35. Qd6 Qh4+ 36. Ke2 Qc4+ 37. Ke3 Qxa2 38. Qb8+ Kh7 39. Kf4 a5 40.
Ke5 Qc4 41. Ke6 d4+ 42. Ke7 Qb4+ 0-1

[Event "1st Grand Europe Open"]
[Site "Golden Sands BUL"]
[Date "2012.06.10"]
[Round "7.1"]
[White "Swiercz, Dariusz"]
[Black "Lu, Shanglei"]
[Result "1/2-1/2"]
[WhiteTitle "GM"]
[BlackTitle "GM"]
[WhiteElo "2585"]
[BlackElo "2522"]
[WhiteFideId "1126881"]
[BlackFideId "8603332"]
[EventDate "2012.06.04"]
[EventType "swiss"]

1. e4 c5 2. Nf3 d6 3. d4 cxd4 4. Nxd4 Nf6 5. Nc3 g6 6. Be3 Bg7 7. f3 Nc6 8. Qd2
O-O 9. Bc4 Bd7 10. O-O-O Ne5 11. Bb3 Rc8 12. Kb1 Re8 13. h4 h5 14. Bg5 Rc5 15.
Bh6 Nc4 16. Bxc4 Rxc4 17. Bxg7 Kxg7 18. g4 hxg4 19. h5 Rh8 20. hxg6 fxg6 21. b3
Rc5 22. fxg4 Bxg4 23. Nd5 Nxd5 24. exd5 Rxd5 25. Rhg1 Qd7 26. Qg2 Rg5 27. Nf3
Bxf3 28. Qxg5 Qe6 29. Rdf1 Be4 30. Qf4 a5 31. Rg4 d5 32. Rg5 Qf6 33. Qe5 Rh1 34.
Rxh1 Bxh1 35. Qe3 Be4 36. Rg1 a4 37. bxa4 Qc6 38. Qd4+ Kf7 39. Rf1+ Ke8 40. Rc1
g5 41. Kb2 Qf6 42. c3 g4 43. Rg1 Qf3 44. Kb3 g3 45. Kb4 g2 46. Kc5 Kd7 47. Kb6
Qf6+ 48. Kb5 Bd3+ 49. Kb4 Qxd4+ 50. cxd4 Bf1 51. Kc5 e6 52. a5 Kc7 53. a3 Kd7
54. Kb6 Kc8 55. a6 bxa6 56. Kc6 e5 57. Kxd5 exd4 58. Kxd4 1/2-1/2

[Event "1st Grand Europe Open"]
[Site "Golden Sands BUL"]
[Date "2012.06.10"]
[Round "7.3"]
[White "Vajda, Levente"]
[Black "Tunik, Gennady"]
[Result "1-0"]
[WhiteTitle "GM"]
[BlackTitle "GM"]
[WhiteElo "2600"]
[BlackElo "2429"]
[WhiteFideId "1203975"]
[BlackFideId "4101219"]
[EventDate "2012.06.04"]
[EventType "swiss"]

1. e4 c5 2. c3 d5 3. exd5 Qxd5 4. d4 e6 5. Nf3 Nf6 6. Bd3 Be7 7. O-O O-O 8. Be3
cxd4 9. cxd4 Nc6 10. Nc3 Qd6 11. a3 b6 12. Qe2 Bb7 13. Rad1 Rad8 14. Rfe1 Qb8
15. Bb1 Rfe8 16. Qc2 g6 17. Ba2 Nd5 18. Bc1 Nxc3 19. bxc3 Bf6 20. Ng5 Qc7 21.
Qd3 Na5 22. Qh3 Bxg5 23. Bxg5 Rc8 24. Bf6 Qf4 25. Be5 Qf5 26. Qh4 Nc4 27. Bf6 e5
28. Bxc4 Rxc4 29. Rxe5 1-0

[Event "1st Grand Europe Open"]
[Site "Golden Sands BUL"]
[Date "2012.06.10"]
[Round "7.5"]
[White "Ipatov, Alexander"]
[Black "Swapnil, S. Dhopade"]
[Result "1-0"]
[WhiteTitle "GM"]
[BlackTitle "IM"]
[WhiteElo "2561"]
[BlackElo "2445"]
[WhiteFideId "14116731"]
[BlackFideId "5019184"]
[EventDate "2012.06.04"]
[EventType "swiss"]

1. d4 Nf6 2. c4 e6 3. Nf3 d5 4. Nc3 dxc4 5. e4 Bb4 6. Bg5 c5 7. Bxc4 cxd4 8.
Nxd4 Bxc3+ 9. bxc3 Qa5 10. Bb5+ Bd7 11. Bxf6 gxf6 12. Bxd7+ Nxd7 13. O-O a6 14.
Rb1 Qc7 15. Qh5 Nc5 16. Rb4 Qe5 17. Qh6 Qg5 18. Qh3 h5 19. Rc4 b6 20. Qf3 Rc8
21. a4 Ke7 22. Rb1 Nd7 23. Qe2 Ne5 24. Rxc8 Rxc8 25. Qxa6 Rxc3 26. Ne2 Rc2 27.
f4 Qg4 28. Ng3 Nc4 29. e5 fxe5 30. Qb7+ Kf8 31. Qa8+ Kg7 32. Qe4 Rc3 33. Re1 h4
34. Ne2 Re3 35. Qxc4 h3 36. Kf2 exf4 37. Rg1 Kh8 38. Nxf4 Ra3 39. Qd4+ Kh7 40.
Ne2 Qf5+ 41. Qf4 Qc5+ 42. Qd4 Qf5+ 43. Qf4 Qc5+ 44. Nd4 Ra2+ 45. Kg3 Ra3+ 46.
Kf2 Ra2+ 47. Kg3 Ra3+ 48. Nf3 Rxf3+ 49. Qxf3 Qxg1 50. Qxf7+ Kh8 51. Qf8+ Kh7 52.
Qe7+ Kh8 53. Qf6+ Kh7 54. Kxh3 Qe3+ 55. Kh4 Qe1+ 56. g3 Qe4+ 57. Qf4 Qe2 58.
Qf7+ Kh6 59. Qf4+ Kh7 60. Kg5 e5 61. Qf7+ Kh8 62. Qh5+ 1-0

[Event "1st Grand Europe Open"]
[Site "Golden Sands BUL"]
[Date "2012.06.10"]
[Round "7.6"]
[White "Sethuraman, S.P."]
[Black "Efimenko, Zahar"]
[Result "0-1"]
[WhiteTitle "GM"]
[BlackTitle "GM"]
[WhiteElo "2546"]
[BlackElo "2689"]
[WhiteFideId "5021596"]
[BlackFideId "14107201"]
[EventDate "2012.06.04"]
[EventType "swiss"]

1. e4 e5 2. Nf3 Nc6 3. d4 exd4 4. Nxd4 Bc5 5. Nb3 Bb4+ 6. Nc3 Nf6 7. Bd3 Bxc3+
8. bxc3 O-O 9. O-O d6 10. Bg5 h6 11. Bh4 Ne5 12. f4 Ng6 13. Bg3 Re8 14. Nd2 Bd7
15. Qf3 Bc6 16. Rae1 b6 17. h3 Nd7 18. Qh5 Nf6 19. Qd1 Nd7 20. Qh5 Nf6 21. Qd1
Qd7 22. Kh2 Bb7 23. e5 dxe5 24. fxe5 Nd5 25. Bf5 Qc6 26. Qf3 Nxc3 27. Ne4 Nd5
28. e6 Rxe6 29. Bxe6 fxe6 30. Qf7+ Kh7 31. Ng5+ hxg5 32. Rxe6 Qxc2 33. Qf3 g4
34. Qxg4 Nf6 35. Qe2 Qxe2 36. Rxe2 Ba6 0-1

[Event "1st Grand Europe Open"]
[Site "Golden Sands BUL"]
[Date "2012.06.10"]
[Round "7.8"]
[White "Petrosian, Tigran L."]
[Black "Rusev, Krasimir"]
[Result "1/2-1/2"]
[WhiteTitle "GM"]
[BlackTitle "GM"]
[WhiteElo "2657"]
[BlackElo "2525"]
[WhiteFideId "13301616"]
[BlackFideId "2905434"]
[EventDate "2012.06.04"]
[EventType "swiss"]

1. Nf3 Nf6 2. g3 d5 3. Bg2 c6 4. c4 Bg4 5. O-O e6 6. cxd5 Bxf3 7. Bxf3 cxd5 8.
Nc3 Nc6 9. d3 Bc5 10. Na4 Be7 11. Be3 Nd7 12. Bg2 O-O 13. Rc1 Rc8 14. Qb3 b6 15.
a3 Bg5 16. Bxg5 Qxg5 17. Nc3 Nd4 18. Qd1 Qh5 19. e3 Qxd1 20. Rcxd1 Nb3 21. d4
Nf6 22. Rd3 Na5 23. Rb1 Nc4 24. f3 Rc6 25. g4 h6 26. Na2 Rc7 27. Kf2 Rfc8 28.
Rc3 Ne8 29. Nb4 a5 30. Na6 Rc6 31. Rbc1 Ned6 32. a4 Ra8 33. b3 Rxa6 34. bxc4
Nxc4 35. f4 Rc7 36. e4 Rd7 37. exd5 exd5 38. Rb1 Nd2 39. Rc8+ Kh7 40. Rb5 Ne4+
41. Bxe4+ dxe4 42. Ke3 Raa7 43. Rxb6 Rac7 44. Rbb8 Kg6 45. h4 h5 46. f5+ Kf6 47.
Re8 Rd6 48. gxh5 Rc3+ 49. Kf4 Rf3+ 50. Kg4 Ra3 51. h6 gxh6 52. Rh8 Rxd4 53.
Rxh6+ Ke5 54. Re8+ Kd5 55. Rd8+ Kc5 56. Rc6+ Kxc6 57. Rxd4 e3 58. Re4 Kd5 59.
Kf4 f6 60. h5 e2 61. Rxe2 Rxa4+ 62. Kg3 Ra3+ 63. Kg2 Ra4 64. Kg3 Ra3+ 65. Kg2
Ra4 66. Re6 Rh4 67. Kg3 Rxh5 68. Kg4 Rh1 69. Rxf6 Rg1+ 70. Kf4 Rf1+ 71. Kg5 Rg1+
72. Kh6 Ke5 73. Rf8 Rh1+ 74. Kg6 Rg1+ 75. Kh6 1/2-1/2

[Event "1st Grand Europe Open"]
[Site "Golden Sands BUL"]
[Date "2012.06.10"]
[Round "7.9"]
[White "Nabaty, Tamir"]
[Black "Melkumyan, Hrant"]
[Result "0-1"]
[WhiteTitle "GM"]
[BlackTitle "GM"]
[WhiteElo "2553"]
[BlackElo "2642"]
[WhiteFideId "2809052"]
[BlackFideId "13302485"]
[EventDate "2012.06.04"]
[EventType "swiss"]

1. e4 e5 2. Nf3 Nc6 3. Bc4 Bc5 4. b4 Bxb4 5. c3 Be7 6. d4 Na5 7. Be2 d6 8. Qa4+
c6 9. dxe5 dxe5 10. Nxe5 Nf6 11. O-O Qc7 12. f4 O-O 13. Be3 b5 14. Qc2 Nb7 15.
Nd2 Bc5 16. Bd4 Be6 17. Nd3 Bxd4+ 18. cxd4 Rad8 19. f5 Bc8 20. e5 Nd5 21. f6 Ne3
22. Qc3 Qd7 23. Nf3 Nxf1 24. Rxf1 gxf6 25. exf6 Qd6 26. d5 Rfe8 27. Qd2 Kh8 28.
Nde5 Rxe5 29. Qh6 Rg8 30. Bd3 Rf5 31. Ng5 Qc5+ 32. Kh1 Rxf1+ 33. Bxf1 Rxg5 34.
Qxg5 Qf8 35. dxc6 Nc5 36. Qe3 a6 37. Be2 Ne6 38. Bd3 Qb4 39. g3 Qd4 40. Qf3 Ng5
41. Qe2 Qd5+ 0-1

[Event "1st Grand Europe Open"]
[Site "Golden Sands BUL"]
[Date "2012.06.10"]
[Round "7.10"]
[White "Szabo, Gergely-Andras-Gyula"]
[Black "Parligras, Mircea-Emilian"]
[Result "1/2-1/2"]
[WhiteTitle "GM"]
[BlackTitle "GM"]
[WhiteElo "2540"]
[BlackElo "2622"]
[WhiteFideId "1205064"]
[BlackFideId "1204297"]
[EventDate "2012.06.04"]
[EventType "swiss"]

1. d4 Nf6 2. c4 e6 3. Nc3 Bb4 4. Qc2 d5 5. cxd5 Qxd5 6. Nf3 Qf5 7. Qd1 e5 8.
dxe5 Ne4 9. Bd2 Nc6 10. Nxe4 Qxe4 11. Rc1 1/2-1/2

[Event "1st Grand Europe Open"]
[Site "Golden Sands BUL"]
[Date "2012.06.10"]
[Round "7.12"]
[White "Naroditsky, Daniel"]
[Black "Stocek, Jiri"]
[Result "1/2-1/2"]
[WhiteTitle "IM"]
[BlackTitle "GM"]
[WhiteElo "2479"]
[BlackElo "2595"]
[WhiteFideId "2026961"]
[BlackFideId "304760"]
[EventDate "2012.06.04"]
[EventType "swiss"]

1. e4 e5 2. Nf3 Nc6 3. Bb5 Nf6 4. O-O d6 5. d4 Bd7 6. Nc3 Be7 7. dxe5 Nxe5 8.
Bxd7+ Nexd7 9. Nd4 O-O 10. Nf5 Re8 11. Bg5 Bf8 12. Qf3 h6 13. Bh4 g6 14. Ne3 Bg7
15. Rad1 Re6 16. Ned5 c6 17. Nxf6+ Nxf6 18. e5 Rxe5 19. Ne4 Rxe4 20. Bxf6 Qe8
21. Bxg7 Kxg7 22. Rxd6 Re6 23. Rdd1 Rd8 24. h4 Rxd1 25. Qc3+ 1/2-1/2

[Event "1st Grand Europe Open"]
[Site "Golden Sands BUL"]
[Date "2012.06.10"]
[Round "7.13"]
[White "Solak, Dragan"]
[Black "Lilov, Valeri"]
[Result "1-0"]
[WhiteTitle "GM"]
[BlackTitle "FM"]
[WhiteElo "2586"]
[BlackElo "2430"]
[WhiteFideId "916811"]
[BlackFideId "2906597"]
[EventDate "2012.06.04"]
[EventType "swiss"]

1. c4 e5 2. Nc3 Nc6 3. g3 f5 4. Bg2 Nf6 5. e3 d5 6. cxd5 Nb4 7. d3 Nfxd5 8. Nxd5
Nxd5 9. Nf3 Bd6 10. O-O c6 11. e4 fxe4 12. Nxe5 Nf6 13. Nc4 exd3 14. Re1+ Be7
15. Qb3 O-O 16. Nb6+ Kh8 17. Nxa8 Bc5 18. Be3 Bxe3 19. Rxe3 Bf5 20. h3 h5 21.
Qxb7 d2 22. Qb3 Qd7 23. Rd1 Bxh3 24. Qb4 Rxa8 25. Qxd2 Qg4 26. Bxc6 Rf8 27. Bf3
Qf5 28. Qd3 Qg5 29. Qd6 Rg8 30. Re5 Qh6 31. Qd2 g5 32. Qc3 Qg7 33. Rd6 Rc8 34.
Rc5 Rxc5 35. Qxc5 Qe7 36. Qd4 Kg7 37. Bxh5 Bc8 38. Kh2 Bb7 39. b4 g4 40. Bxg4
Kf7 41. Rxf6+ 1-0

[Event "1st Grand Europe Open"]
[Site "Golden Sands BUL"]
[Date "2012.06.10"]
[Round "7.15"]
[White "Akopian, Vladimir"]
[Black "Can, Emre"]
[Result "1-0"]
[WhiteTitle "GM"]
[BlackTitle "GM"]
[WhiteElo "2697"]
[BlackElo "2461"]
[WhiteFideId "13300032"]
[BlackFideId "6302181"]
[EventDate "2012.06.04"]
[EventType "swiss"]

1. Nf3 Nf6 2. g3 g6 3. Bg2 Bg7 4. O-O O-O 5. c4 d6 6. Nc3 Nc6 7. d4 Bf5 8. b3 e5
9. d5 Ne7 10. Ne1 Ne8 11. e4 Bd7 12. Nd3 f5 13. Bb2 Nf6 14. Qd2 fxe4 15. Nxe4
Nxe4 16. Bxe4 Nf5 17. Rae1 Rf7 18. f4 exf4 19. Nxf4 Bxb2 20. Qxb2 Ng7 21. Ne6
Rxf1+ 22. Rxf1 Qe7 23. Bg2 c6 24. Bh3 Bxe6 25. dxe6 Rf8 26. Re1 Rf6 27. Qd4 a6
28. b4 h5 29. c5 d5 30. Re5 Nxe6 31. Qe3 Kf7 32. a3 Qd7 33. Qh6 Kg8 34. Rxh5 Qg7
35. Qxg7+ Kxg7 36. Re5 Kf7 37. Kg2 a5 38. Bg4 axb4 39. axb4 Nc7 40. Re2 Na6 41.
Rb2 Kg7 42. h4 Rf7 43. Be2 Re7 44. Bxa6 bxa6 45. Ra2 Re4 46. Rxa6 Rxb4 47. Rxc6
Rc4 48. Kf3 Kf7 49. g4 Kg7 50. Rc7+ Kg8 51. c6 Kh8 52. Ke3 Kg8 53. h5 gxh5 54.
gxh5 Kh8 55. Kd2 Rd4+ 56. Kc3 Rh4 57. Kd3 Rc4 58. h6 Rc1 59. Kd4 Rc2 60. Kxd5
Rd2+ 61. Ke6 Rh2 62. Re7 1-0

[Event "1st Grand Europe Open"]
[Site "Golden Sands BUL"]
[Date "2012.06.10"]
[Round "7.17"]
[White "Fier, Alexandr"]
[Black "Georgiev, Krum"]
[Result "1/2-1/2"]
[WhiteTitle "GM"]
[BlackTitle "GM"]
[WhiteElo "2596"]
[BlackElo "2421"]
[WhiteFideId "2107139"]
[BlackFideId "2900092"]
[EventDate "2012.06.04"]
[EventType "swiss"]

1. e4 c5 2. Nf3 d6 3. d4 Nf6 4. Nc3 cxd4 5. Nxd4 a6 6. Bg5 e6 7. f4 Bd7 8. Qe2
Nc6 9. O-O-O Nxd4 10. Rxd4 Be7 11. g3 Qa5 12. Bh4 Rc8 13. Bg2 e5 14. Rc4 O-O 15.
f5 d5 16. Bxf6 Bxf6 17. exd5 Rxc4 18. Qxc4 Rc8 19. Qd3 e4 20. Nxe4 Be5 21. Kb1
Qb6 22. Qb3 Qa5 23. c3 Bxf5 24. Rf1 g6 25. Ka1 b5 26. h3 Rc4 27. Re1 Bxe4 28.
Rxe4 Rxe4 29. Bxe4 Bxg3 30. a3 Bd6 31. Ka2 Qb6 32. Bd3 Kg7 33. Kb1 1/2-1/2

[Event "1st Grand Europe Open"]
[Site "Golden Sands BUL"]
[Date "2012.06.10"]
[Round "7.18"]
[White "Grigoryan, Avetik"]
[Black "Enchev, Ivajlo"]
[Result "1-0"]
[WhiteTitle "GM"]
[BlackTitle "IM"]
[WhiteElo "2581"]
[BlackElo "2419"]
[WhiteFideId "13302191"]
[BlackFideId "2907712"]
[EventDate "2012.06.04"]
[EventType "swiss"]

1. d4 d5 2. c4 c6 3. Nf3 Nf6 4. e3 e6 5. Bd3 Nbd7 6. Nbd2 Bd6 7. O-O O-O 8. e4
e5 9. cxd5 cxd5 10. Re1 dxe4 11. Nxe4 Nxe4 12. Rxe4 exd4 13. Rxd4 Bc5 14. Rd5
Qb6 15. Qc2 g6 16. Bg5 Re8 17. Rd1 Qc6 18. Bf1 a5 19. a4 Be7 20. Qxc6 bxc6 21.
Rxd7 Bxd7 22. Rxd7 Bxg5 23. Nxg5 Rab8 24. g3 Re1 25. Kg2 Rc1 26. Nxf7 Rxb2 27.
Nh6+ Kf8 28. Rxh7 Rb4 29. Bd3 Ke8 30. Bxg6+ Kd8 31. Bf5 Rd1 32. Ra7 c5 33. Nf7+
Ke8 34. Ng5 Rd5 35. Ne4 1-0

[Event "1st Grand Europe Open"]
[Site "Golden Sands BUL"]
[Date "2012.06.10"]
[Round "7.19"]
[White "Esen, Baris"]
[Black "Velikov, Petar"]
[Result "1-0"]
[WhiteTitle "GM"]
[BlackTitle "GM"]
[WhiteElo "2568"]
[BlackElo "2416"]
[WhiteFideId "6302114"]
[BlackFideId "2900149"]
[EventDate "2012.06.04"]
[EventType "swiss"]

1. d4 d5 2. Nf3 Nf6 3. c4 c6 4. Nc3 g6 5. Bg5 Ne4 6. Bf4 Nxc3 7. bxc3 dxc4 8. a4
Qa5 9. e4 Qxc3+ 10. Bd2 Qb3 11. Qc1 Qb6 12. Bxc4 Bg7 13. a5 Qd8 14. Bh6 O-O 15.
h4 e6 16. h5 g5 17. Bxg5 f6 18. h6 Bh8 19. Bf4 Na6 20. Qa3 Nc7 21. Bd6 Re8 22.
Rh3 Nb5 23. Rg3+ Kf7 24. Bxb5 cxb5 25. Ne5+ fxe5 26. Qf3+ 1-0

[Event "1st Grand Europe Open"]
[Site "Golden Sands BUL"]
[Date "2012.06.10"]
[Round "7.22"]
[White "Mekhitarian, Krikor Sevag"]
[Black "Qashashvili, Alexandre"]
[Result "1-0"]
[WhiteTitle "GM"]
[BlackTitle "IM"]
[WhiteElo "2531"]
[BlackElo "2299"]
[WhiteFideId "2107660"]
[BlackFideId "13600842"]
[EventDate "2012.06.04"]
[EventType "swiss"]

1. e4 c5 2. Nf3 d6 3. d4 cxd4 4. Nxd4 Nf6 5. Nc3 Nc6 6. Bg5 e6 7. Qd2 Be7 8.
O-O-O O-O 9. f4 Nxd4 10. Qxd4 Qa5 11. Kb1 Rd8 12. Bd3 h6 13. h4 e5 14. Qf2 exf4
15. Qxf4 Qe5 16. Qxe5 dxe5 17. Bxf6 Bxf6 18. Nd5 Bg4 19. Rd2 Rd6 20. Be2 Bxe2
21. Rxe2 Bd8 22. h5 f5 23. Ne3 fxe4 24. Nf5 Rd5 25. Rxe4 Bg5 26. g4 Rad8 27. c3
Kh7 28. Rhe1 Bf4 29. c4 Rd1+ 30. Rxd1 Rxd1+ 31. Kc2 Rg1 32. b4 b6 33. Ne7 a6 34.
Nd5 Rg2+ 35. Kd3 Rxa2 36. Nxb6 a5 37. b5 a4 38. Nd5 Ra3+ 39. Kc2 Ra2+ 40. Kb1
Rf2 41. b6 a3 42. c5 Rb2+ 43. Ka1 Rb5 44. Nxf4 exf4 45. Rxf4 Rxc5 46. Rb4 Rc8
47. b7 Rb8 48. Rb6 Kg8 49. Ka2 Kf7 50. Kxa3 Ke7 51. Kb4 Kd7 52. Kc5 Kc7 53. Rc6+ 1-0

[Event "1st Grand Europe Open"]
[Site "Golden Sands BUL"]
[Date "2012.06.10"]
[Round "7.24"]
[White "Drenchev, Petar"]
[Black "Spassov, Liuben"]
[Result "1-0"]
[WhiteTitle "GM"]
[BlackTitle "GM"]
[WhiteElo "2496"]
[BlackElo "2353"]
[WhiteFideId "2903261"]
[BlackFideId "2900220"]
[EventDate "2012.06.04"]
[EventType "swiss"]

1. e4 c6 2. d4 d5 3. Nc3 dxe4 4. Nxe4 Bf5 5. Ng3 Bg6 6. h4 h6 7. Nf3 Nd7 8. h5
Bh7 9. Bd3 Bxd3 10. Qxd3 e6 11. Bd2 Ngf6 12. O-O-O Be7 13. Qe2 Rc8 14. Kb1 c5
15. c4 cxd4 16. Nxd4 O-O 17. Be3 a6 18. Rc1 Qc7 19. Nf1 Bc5 20. Nd2 Rfd8 21.
N2b3 Qe5 22. Qf3 Qe4+ 23. Qxe4 Nxe4 24. f3 Nd6 25. Nxc5 Nxc5 26. Rhd1 Kf8 27. g4
Ke7 28. b3 f6 29. Rd2 e5 30. Nf5+ Nxf5 31. Rxd8 Kxd8 32. gxf5 Ke7 33. Rg1 Kf7
34. Rd1 Ke7 35. Bxc5+ Rxc5 36. Kc2 b5 37. Kc3 bxc4 38. b4 Rc8 39. a4 Rc7 40. Rd5
Rc8 41. b5 a5 42. b6 Rb8 43. Rb5 Rb7 44. Kxc4 Kd6 45. Rb1 Kc6 46. Rb2 Rxb6 47.
Rxb6+ Kxb6 48. Kd5 Kb7 49. Kc5 Kc7 50. Kb5 Kd6 51. Kxa5 Kc5 52. Ka6 Kc6 53. a5
Kc7 54. Kb5 Kb7 55. a6+ Ka8 56. Ka5 1-0

[Event "1st Grand Europe Open"]
[Site "Golden Sands BUL"]
[Date "2012.06.10"]
[Round "7.25"]
[White "Kanarek, Marcel"]
[Black "Argiroudis, Stamatis"]
[Result "1-0"]
[WhiteTitle "IM"]
[WhiteElo "2484"]
[BlackElo "2294"]
[WhiteFideId "1126822"]
[BlackFideId "4202210"]
[EventDate "2012.06.04"]
[EventType "swiss"]

1. e4 c5 2. Nf3 e6 3. d4 cxd4 4. Nxd4 a6 5. Bd3 g6 6. O-O Bg7 7. Nb3 Nc6 8. c4
Nge7 9. Nc3 O-O 10. Bg5 h6 11. Bh4 d6 12. f4 Qc7 13. Rc1 f5 14. Qd2 Nd4 15. Nxd4
Bxd4+ 16. Kh1 Nc6 17. Rf3 Qg7 18. exf5 exf5 19. Nd5 Be6 20. Rg3 Kh7 21. Rh3 Rae8
22. Bg5 h5 23. g4 Qf7 24. gxh5 Bxd5+ 25. cxd5 Qxd5+ 26. Qg2 Qxg2+ 27. Kxg2 Bc5
28. a3 a5 29. Kf1 gxh5 30. Rxh5+ Kg6 31. Rh6+ Kg7 32. Rh3 Kg6 33. Rc2 Rh8 34.
Rg3 Nd4 35. Rcg2 Ne6 36. Bc4 Kf7 37. Re2 b5 38. Bd5 1-0

[Event "1st Grand Europe Open"]
[Site "Golden Sands BUL"]
[Date "2012.06.10"]
[Round "7.26"]
[White "Erturan, Yakup"]
[Black "Bernadskiy, Vitaliy"]
[Result "1/2-1/2"]
[WhiteTitle "IM"]
[BlackTitle "IM"]
[WhiteElo "2370"]
[BlackElo "2473"]
[WhiteFideId "6301410"]
[BlackFideId "14100371"]
[EventDate "2012.06.04"]
[EventType "swiss"]

1. e4 c5 2. Nf3 e6 3. d4 cxd4 4. Nxd4 Nc6 5. Nb5 d6 6. c4 Nf6 7. N1c3 a6 8. Na3
Be7 9. Be2 O-O 10. O-O b6 11. Be3 Bb7 12. f3 Rb8 13. Qd2 d5 14. cxd5 exd5 15.
Nxd5 Nxd5 16. exd5 Nb4 17. Bf4 Bd6 18. Bxd6 Qxd6 19. Nc4 Qc5+ 20. Qe3 Qxe3+ 21.
Nxe3 Rfe8 22. Kf2 1/2-1/2

[Event "1st Grand Europe Open"]
[Site "Golden Sands BUL"]
[Date "2012.06.10"]
[Round "7.27"]
[White "Solozhenkin, Evgeniy"]
[Black "Dimov, Dian"]
[Result "1/2-1/2"]
[WhiteTitle "GM"]
[WhiteElo "2472"]
[BlackElo "2289"]
[WhiteFideId "4102266"]
[BlackFideId "2903342"]
[EventDate "2012.06.04"]
[EventType "swiss"]

1. d4 Nf6 2. c4 c5 3. d5 e6 4. Nc3 exd5 5. cxd5 d6 6. Nf3 g6 7. g3 Bg7 8. Bg2
O-O 9. O-O a6 10. a4 Re8 11. Nd2 Nbd7 12. Nc4 Ne5 13. Na3 Rb8 14. Rb1 Nh5 15.
Bd2 Bf5 16. e4 Bd7 17. b4 cxb4 18. Rxb4 Nd3 19. Rb1 Qc7 20. Qc2 Nc5 21. a5 f5
22. Nc4 fxe4 23. Rb6 Bxc3 24. Qxc3 Na4 25. Qb4 Nxb6 26. axb6 Qc5 27. Nxd6 Qxb4
28. Bxb4 Re5 29. Nxe4 Rxd5 30. Nd6 Nf6 31. Bxd5+ Nxd5 32. Bc5 Bc6 33. Rd1 Rd8
34. Nc4 Re8 35. Bd4 Ne7 36. Be3 Nf5 37. Na5 Bf3 38. Rd7 Nxe3 39. fxe3 Re6 40.
Nxb7 Rxb6 41. Nd6 Bg4 42. Rd8+ Kg7 43. e4 Rb2 44. e5 Re2 1/2-1/2

[Event "1st Grand Europe Open"]
[Site "Golden Sands BUL"]
[Date "2012.06.10"]
[Round "7.28"]
[White "Hassan, Abdullah"]
[Black "Ashwin, Jayaram"]
[Result "0-1"]
[WhiteTitle "IM"]
[BlackTitle "IM"]
[WhiteElo "2356"]
[BlackElo "2471"]
[WhiteFideId "9300481"]
[BlackFideId "5018137"]
[EventDate "2012.06.04"]
[EventType "swiss"]

1. d4 Nf6 2. Nf3 e6 3. e3 b6 4. Bd3 Bb7 5. O-O g6 6. c4 Bg7 7. d5 O-O 8. e4 d6
9. Nc3 Nbd7 10. h3 c6 11. Bf4 cxd5 12. cxd5 Nc5 13. Bc2 exd5 14. exd5 Re8 15.
Bg5 h6 16. Be3 Nfe4 17. Nxe4 Nxe4 18. Ba4 Re7 19. Nd4 Rc8 20. Bc6 Ba6 21. Re1
Nc5 22. Qd2 Nd3 23. Red1 Re4 24. Qc3 Nf4 25. Bxf4 Rxf4 26. Qe3 Qf6 27. Nf3 Rc7
28. Re1 Bf8 29. Qa3 Bc8 30. Re3 Re7 31. Rxe7 Bxe7 32. Re1 a5 33. Qe3 Bf8 34. Nd2
Qd4 35. Qxd4 Rxd4 36. Ne4 Be7 37. Nc3 Kf8 38. Na4 Rb4 39. Re3 Bf5 40. a3 Rc4 41.
g4 Be4 42. Nxb6 Rc1+ 43. Kh2 f5 44. f4 Bh4 45. Rxe4 fxe4 46. Kg2 Rc2+ 47. Kf1 e3
48. Bb5 Rf2+ 49. Kg1 Rxb2 0-1